000 00637 a2200181 4500
999 _c4777
_d4777
010 _aENG-86547
020 _a9788178297583
_c225.00
035 _aEN-70080
037 _bDBAD / PUB
082 _a337.54
100 _aNayar, Baldev Raj
245 _aIndia's globalization :
_cby Baldev Raj Nayar
_bevaluating the economic consequences /
260 _aNew Delhi
_bVistaar Publications
_c2007
270 _aB1/11, Mohan Cooperative Industrial Area, Mathura Road
_bNew Delhi
_e110 044
300 _avi, 97p
_c24cm. (pbk)
500 _aIncludes bibliograpgical references and index
942 _adpl
_cEN
_2ddc
_h337.54
_mNAY